les types de coca préférés des français - Statistiques

Statistiques générales
  • Ce quiz a été pris 2 060 fois
  • Le résultat moyen est 6 sur 9
Statistiques - réponses
Hint Réponse % Correct
3 cherry
97%
1 zéro
93%
5 vanille
92%
4 light
74%
8 citron
55%
2 classique
52%
7 framboise
48%
6 peche
38%
9 sans caféine
35%
Aucun quiz correspondant
Distribution des résultats
% des personnes avec chaque résultat
Percentile par nombre de réponses
Votre historique - résultats
Vous n’avez pas pris ce quiz